000 00857nam a2200229Ii 4500
003 JO-AjNU
008 230605s9999||||xx |||||||||||||| ||und||
017 _a89/14394
020 _a977-278-097-6
040 _aJO-AjNU
_bara
_erda
_cJO-AjNU
041 _aara
050 1 4 _aBP80.B36.A28.1999
100 3 _aأبو فارس، محمد عبد القادر,
_eauthor
_935188
245 0 0 _aمنهج التغيير عند الشهيدين حسن البنا وسيد قطب
250 _aط1
264 3 1 _aطنطا-عمان:دار البشير للثقافة والعلوم،دار عمار للنشر والتوزيع،1999
300 _a96ص
336 _atext
_btxt
_2rdacontent
337 _aunmediated
_bn
_2rdamedia
338 _avolume
_bnc
_2rdacarrier
650 4 _aثقافة اسلامية-حسن البنا1906-1949-سيد قطب1906-1965
_935189
999 _aA14502
_c18070
_d18070